Hamburger Fußballvereine (mit Karte) - Statistiken

Allgemein
  • Dieses Quiz wurde 685 mal gespielt
    391 seit der letzten Aktualisierung
  • Das Durchschnittsergebnis liegt bei 9 aus 34
Antworten auf der Karte
Die Antworten werden auf der Karte rot bzw. grün angezeigt, abhängig davon wie oft sie richtig erraten wurden.
 
Antwortstatistiken
Liga Verein % Korrekt
2. Bundesliga Hamburger SV
99%
2. Bundesliga FC St. Pauli
97%
Oberliga Hamburg Altona 93
62%
Regionalliga Nord FC Teutonia 05 Ottensen
53%
Regionalliga Nord Eimsbütteler SV
46%
Oberliga Hamburg SC Victoria Hamburg
43%
Oberliga Hamburg Niendorfer TSV
34%
Landesliga Hammonia HSV Barmbek- Uhlenhorst
33%
Oberliga Hamburg Wandsbeker TSV Concordia
29%
Oberliga Hamburg TSV Sasel
28%
Oberliga Hamburg USC Paloma
28%
Oberliga Hamburg HEBC
20%
Landesliga Hansa Hamm United
19%
Oberliga Hamburg FC Süderelbe
18%
Landesliga Hansa Rahlstedter SC
18%
Oberliga Hamburg FC Türkiye Wilhelmsburg
17%
Landesliga Hansa SC Condor
17%
Landesliga Hammonia SC Poppenbüttel
17%
Landesliga Hansa SV Curslack- Neuengamme
16%
Landesliga Hammonia SC Nienstedten
16%
Landesliga Hansa Bramfelder SV
15%
Landesliga Hansa SC Vorwärts-Wacker Billstedt
15%
Oberliga Hamburg ETSV Hamburg
14%
Oberliga Hamburg FC Alsterbrüder
14%
Landesliga Hansa VfL Lohbrügge
14%
Landesliga Hammonia Eintracht Lokstedt
12%
Landesliga Hansa SV Altengamme
11%
Landesliga Hansa SC Vier- und Marschlande
10%
Landesliga Hansa ASV Hamburg
9%
Landesliga Hansa HT 16
9%
Landesliga Hammonia FTSV Altenwerder
5%
Landesliga Hammonia FK Nikola Tesla
4%
Landesliga Hansa Harburger SC
4%
Landesliga Hammonia HNT
4%
Keine übereinstimmenden Quizze gefunden
Verteilung der Resultate
Anzahl Personen mit jedem Resultat
Perzentil nach korrekt beantworteten Fragen
Ihre Resultats-Entwicklung
Sie haben dieses Quiz seit der letzten Aktualisierung nicht gespielt